000
00298nam a22001337a 4500
003
SGT
082
_a
370
_b
L16M
100
_a
MARTIN, THOMAS
245
_a
LOTUS: ILLUSTRATED DICTIONARY OF SCIENCE
260
_a
NEW DELHI
_b
LOTUS PUB
_c
2016
300
_a
200
650
_a
EDUCATION
942
_2
ddc
_c
BK
999
_c
12471
_d
12471